[Event "52nd World Juniors 2013"]
[Site "Kocaeli TUR"]
[Date "2013.09.16"]
[Round "4.16"]
[White "Georgiadis, Nico"]
[Black "Pavlidis, Antonios"]
[Result "1/2-1/2"]
[WhiteTitle "FM"]
[BlackTitle "IM"]
[WhiteElo "2396"]
[BlackElo "2471"]
[WhiteFideId "1300113"]
[BlackFideId "4212312"]
[EventDate "2013.09.13"]

1. e4 c5 2. Nf3 Nc6 3. d4 cxd4 4. Nxd4 Qb6 5. Nb3 Nf6 6. Nc3 e6 7. a3 Be7 8. Bf4
O-O 9. e5 Ne8 10. Bd3 Qc7 11. Qh5 g6 12. Qe2 f6 13. exf6 Qxf4 14. fxe7 Nxe7 15.
g3 Qf6 16. f4 b6 17. O-O-O Bb7 18. Rhe1 Nc7 19. Nb5 Ned5 20. Nxc7 Nxc7 21. Be4
Nd5 22. Kb1 Rac8 23. Rd4 a5 24. Qd3 Bc6 25. c4 Ba4 26. Nd2 Ne7 27. b3 d5 28.
Bxd5 exd5 29. bxa4 dxc4 30. Nxc4 Qf5 31. Nd6 Qxd3+ 32. Rxd3 Rc7 33. Nb5 Rb7 34.
Re6 Nf5 35. Kc2 Rc8+ 36. Kb3 Rc1 37. Re8+ Kf7 38. Re2 h5 39. Rc3 Rb1+ 40. Kc2
Rh1 41. Kb3 1/2-1/2

[Event "52nd World Juniors 2013"]
[Site "Kocaeli TUR"]
[Date "2013.09.16"]
[Round "4.18"]
[White "Dragomirescu, Robin-Alexandru"]
[Black "Velten, Paul"]
[Result "1/2-1/2"]
[WhiteTitle "IM"]
[BlackTitle "FM"]
[WhiteElo "2349"]
[BlackElo "2427"]
[WhiteFideId "1213849"]
[BlackFideId "681091"]
[EventDate "2013.09.13"]

1. e4 e6 2. d4 d5 3. Nc3 Nf6 4. e5 Nfd7 5. f4 c5 6. Nf3 Nc6 7. Be3 cxd4 8. Nxd4
Bc5 9. Qd2 O-O 10. O-O-O Bxd4 11. Bxd4 Qa5 12. Kb1 Rb8 13. Nb5 Qxd2 14. Rxd2 a6
15. Nd6 Nxd4 16. Rxd4 f6 17. exf6 Nxf6 18. Nxc8 Rbxc8 19. g3 Rfe8 20. Bd3 e5 21.
fxe5 Rxe5 22. a4 Kf7 23. Rd1 Ke7 24. a5 h6 25. b3 Rc7 26. Kb2 Re3 27. Kb1 Re5
28. Kb2 Re3 29. Rb4 Ke6 30. Rb6+ Ke7 31. Kc1 Re6 32. Rxe6+ Kxe6 33. Re1+ Kf7 34.
Kd2 Rc5 35. b4 Rc7 36. Re2 g6 37. Ke3 g5 38. Kd4 Kg7 39. Ke5 Rc6 40. Kf5 Kf7 41.
Re5 Ng8 42. Re2 Ne7+ 43. Ke5 Rf6 44. Kd4 Ke8 45. b5 axb5 46. Bxb5+ Kd8 47. Ke5
Rf5+ 48. Kd6 Rf6+ 49. Kc5 Rg6 50. Rf2 Re6 51. Rf7 Kc7 52. Rh7 Kd8 53. h4 gxh4
54. gxh4 Kc7 55. Bd3 Kb8 56. h5 Ka7 57. Rh8 Rc6+ 58. Kd4 Re6 59. Rf8 Nc6+ 60.
Kxd5 Re5+ 61. Kd6 Rxh5 62. a6 Nb8 63. axb7 Kxb7 64. Be4+ Ka7 65. Rf7+ Ka6 66. c4
Rh4 67. Bd5 Ka5 68. c5 Na6 69. Ra7 Rd4 70. c6 Kb6 71. Rb7+ Ka5 72. Ra7 Kb6 73.
Rb7+ Ka5 74. c7 Nxc7 75. Rxc7 Kb6 76. Rb7+ Ka6 77. Rb8 Rd2 78. Kc5 Rc2+ 79. Bc4+
Ka7 80. Rh8 Rc1 81. Rh7+ Kb8 82. Kb4 h5 83. Bb5 Kc8 84. Ka5 Kd8 85. Rd7+ Kc8 86.
Kb6 Re1 87. Ra7 Re6+ 88. Bc6 Kd8 89. Kc5 Rh6 90. Rd7+ Kc8 91. Kb6 Re6 92. Rh7
Kd8 93. Kc5 Rg6 94. Rd7+ Kc8 95. Re7 Kd8 96. Re8+ Kc7 97. Bd5 Kd7 98. Rh8 Ke7
99. Rxh5 Kf6 100. Kd6 Rg1 101. Rh8 Re1 102. Rf8+ Kg5 103. Kc5 Rd1 104. Rf2 Kg6
105. Re2 Kf5 106. Kd6 Kf4 107. Rf2+ Kg3 108. Rf5 Re1 109. Be6 Re2 110. Ke7 Rb2
111. Ra5 Kf4 112. Kf6 Rb6 113. Ra4+ Ke3 114. Ke5 Rb5+ 115. Bd5 Rb8 116. Ra3+ Kf2
117. Be4 Ke2 118. Rh3 Rd8 119. Bd5 Re8+ 120. Kd4 Kf2 121. Rf3+ Ke2 122. Rf6 Rd8
123. Ra6 Kf2 124. Ra2+ Kg3 125. Rd2 Re8 126. Rg2+ Kf4 127. Rf2+ Kg5 128. Be4
Rd8+ 129. Ke3 Re8 130. Rf5+ Kh6 131. Kf4 Kg7 132. Rg5+ Kf6 133. Rg6+ Ke7 134.
Bd5 Kd8 135. Be6 Kc7 136. Ke5 Rd8 137. Rg1 Rd2 138. Rc1+ Kb6 139. Bd5 Kb5 140.
Kd6 Kb4 141. Rb1+ Kc3 142. Kc5 Rh2 143. Rb3+ Kc2 144. Kb4 Rh4+ 145. Bc4 Kd2 1/2-1/2

[Event "52nd World Juniors 2013"]
[Site "Kocaeli TUR"]
[Date "2013.09.16"]
[Round "4.19"]
[White "Ferreira, Jorge Viterbo"]
[Black "Lozhnikov, Vyacheslav"]
[Result "1/2-1/2"]
[WhiteTitle "FM"]
[BlackTitle "FM"]
[WhiteElo "2426"]
[BlackElo "2339"]
[WhiteFideId "1910850"]
[BlackFideId "13704761"]
[EventDate "2013.09.13"]

1. c4 Nf6 2. g3 g6 3. Bg2 d5 4. cxd5 Nxd5 5. Nc3 Nxc3 6. bxc3 Bg7 7. Nf3 c5 8.
O-O Nc6 9. Rb1 O-O 10. Qa4 Qd7 11. Qh4 b6 12. d4 cxd4 13. cxd4 Bb7 14. Bh6 Rfd8
15. Bxg7 Kxg7 16. d5 Na5 17. Rfd1 Qf5 18. g4 Qf4 19. Rd4 Qc7 20. g5 Kh8 21. Rbd1
b5 22. e4 Nc4 23. Bf1 Rac8 24. Bh3 Rb8 25. Bf1 Rbc8 26. Qg3 Qxg3+ 27. hxg3 Nd6
28. a4 a6 29. axb5 axb5 30. Rb4 Rc5 31. Bd3 Bc8 32. Nd4 Bd7 33. Rdb1 e6 34. dxe6
Bxe6 35. Nxe6 fxe6 36. Bxb5 Rxg5 37. Rd4 Kg7 38. Bc4 Nf7 39. Rxd8 Nxd8 40. Rb8
Rc5 41. Bb3 Rc1+ 42. Kg2 Rb1 43. Rxd8 Rxb3 44. Rd7+ Kg8 45. Rd6 Kf7 46. Rd7+ Kg8
47. Re7 Rb6 48. Kh3 Rb2 49. f3 Rb3 50. f4 Rb6 51. Kg4 h6 52. Kf3 Rb3+ 53. Kf2
Rb2+ 54. Ke3 Rb3+ 55. Kf2 Rb2+ 56. Kf3 Rb3+ 57. Kg4 Rb6 58. Kh4 Ra6 59. Kg4 1/2-1/2

[Event "52nd World Juniors 2013"]
[Site "Kocaeli TUR"]
[Date "2013.09.16"]
[Round "4.21"]
[White "Bortnyk, Mykola"]
[Black "Fang, Yan"]
[Result "1-0"]
[WhiteElo "2417"]
[BlackElo "2281"]
[WhiteFideId "14120836"]
[BlackFideId "8604746"]
[EventDate "2013.09.13"]

1. d4 Nf6 2. c4 d6 3. Nc3 Nbd7 4. g3 g6 5. Bg2 Bg7 6. Nf3 c6 7. O-O O-O 8. b4
Nb6 9. c5 Nbd5 10. Nxd5 Nxd5 11. Qb3 a5 12. cxd6 exd6 13. b5 a4 14. Qd3 Qa5 15.
e4 Nb4 16. Qd2 cxb5 17. Ba3 Nc6 18. Qxa5 Nxa5 19. Bxd6 Re8 20. e5 Nc4 21. Bb4 f6
22. Rfe1 Bg4 23. h3 Bd7 24. Rad1 a3 25. exf6 Rxe1+ 26. Nxe1 Bxf6 27. Bxb7 Re8
28. Nc2 Re2 29. Nxa3 Rxa2 30. Nxc4 bxc4 31. Bd5+ Kg7 32. Bc5 Rc2 33. Kg2 c3 34.
Ra1 Be8 35. Ra7+ Kh8 36. Ra8 Re2 37. Kf1 1-0

[Event "52nd World Juniors 2013"]
[Site "Kocaeli TUR"]
[Date "2013.09.16"]
[Round "4.22"]
[White "Docena, Jerad"]
[Black "Sunilduth Lyna, Narayanan"]
[Result "1/2-1/2"]
[WhiteElo "2227"]
[BlackElo "2408"]
[WhiteFideId "5208173"]
[BlackFideId "5058422"]
[EventDate "2013.09.13"]

1. e4 c6 2. d4 d5 3. exd5 cxd5 4. c4 Nf6 5. Nc3 Nc6 6. Bg5 Ne4 7. Nxe4 dxe4 8.
d5 f6 9. Be3 Ne5 10. f3 e6 11. f4 Nf7 12. Ne2 exd5 13. Qxd5 Bb4+ 14. Bd2 Qxd5
15. cxd5 Bxd2+ 16. Kxd2 Nd6 17. Nd4 Bd7 18. Rc1 Ke7 19. Be2 Rhc8 20. g4 g6 21.
Ke3 Be8 22. Nb3 Bf7 23. Kd4 Rd8 24. Rc7+ Kf8 25. Rhc1 Ne8 26. R7c5 b6 27. R5c3
Bxd5 28. Ke3 Nd6 29. Rc7 Bf7 30. Nd4 Rdc8 31. Ba6 Rxc7 32. Rxc7 Ke8 33. Nc6 Bxa2
34. Rxh7 Bg8 35. Re7+ Kf8 36. Rxa7 Rxa7 37. Nxa7 Bc4 38. Nc8 Nxc8 39. Bxc8 Bd5
40. Kd4 Bc6 41. h4 Kg7 42. Be6 f5 43. h5 fxg4 44. Bxg4 gxh5 45. Bxh5 Kf6 46. Bg4
Bb7 47. Bd7 Ba8 48. Ke3 Bd5 49. Kd4 Ba8 50. Bb5 Kf5 51. Ke3 Bd5 52. Ba6 Kf6 53.
Kd4 Bc6 54. Bc4 Kf5 55. Ke3 Kf6 56. Bg8 Kg7 57. Bc4 Kf6 58. b3 Bb7 59. Bg8 Kg7
60. Be6 Kf6 61. Bd7 Bd5 62. b4 Bb7 63. Kd4 Ba8 64. Kc4 Bb7 65. Kd4 Ba8 66. Bc8
Bc6 67. Ke3 Bd5 68. Bd7 Bb7 69. b5 Bd5 70. Bc6 Bc4 71. Kxe4 Bf1 72. Bd7 Be2 73.
Kd4 Bf1 74. Bc6 Be2 1/2-1/2

[Event "52nd World Juniors 2013"]
[Site "Kocaeli TUR"]
[Date "2013.09.16"]
[Round "4.23"]
[White "Martinez Romero, Martin"]
[Black "Chu, Wei Chao"]
[Result "1-0"]
[WhiteTitle "IM"]
[WhiteElo "2404"]
[BlackElo "2270"]
[WhiteFideId "4404025"]
[BlackFideId "8605661"]
[EventDate "2013.09.13"]

1. e4 c5 2. Nf3 d6 3. d4 cxd4 4. Nxd4 Nf6 5. Nc3 a6 6. Bc4 e6 7. O-O Be7 8. Bb3
Nc6 9. Be3 O-O 10. f4 Qc7 11. Qf3 Na5 12. g4 Nxb3 13. axb3 Nd7 14. g5 Re8 15.
Qh3 Bf8 16. f5 Ne5 17. Rf4 g6 18. Rh4 h5 19. gxh6 Kh7 20. Rf1 Be7 21. fxg6+ fxg6
22. Rhf4 Bg5 23. Rf8 Bxe3+ 24. Qxe3 Qe7 25. Rxe8 Qxe8 26. Nf3 Nxf3+ 27. Rxf3 Qe7
28. e5 d5 29. Rf6 Bd7 30. Qf4 Be8 31. Rf8 Qc5+ 32. Kg2 d4 33. Rh8+ 1-0

[Event "52nd World Juniors 2013"]
[Site "Kocaeli TUR"]
[Date "2013.09.16"]
[Round "4.24"]
[White "Narayanan, Srinath"]
[Black "Uysal, Burak"]
[Result "1-0"]
[WhiteTitle "IM"]
[WhiteElo "2483"]
[BlackElo "1928"]
[WhiteFideId "5018420"]
[BlackFideId "6339387"]
[EventDate "2013.09.13"]

1. e4 c5 2. Nf3 d6 3. d4 cxd4 4. Nxd4 Nf6 5. Nc3 a6 6. h3 e6 7. g4 Be7 8. g5
Nfd7 9. h4 Nc6 10. Rg1 Qc7 11. h5 Nde5 12. Be2 Nxd4 13. Qxd4 Qc5 14. Qxc5 dxc5
15. Bf4 Nc6 16. Na4 e5 17. Be3 Nd4 18. Bd1 Be6 19. Nb6 Rd8 20. c3 Nb5 21. Bb3
Bxb3 22. axb3 Nc7 23. Ra5 O-O 24. Bxc5 Bxc5 25. Rxc5 Ne6 26. Rxe5 Nf4 27. Re7
Rfe8 28. Rxe8+ Rxe8 29. f3 Nxh5 30. Nd5 Re6 31. Kf2 f6 32. gxf6 Nxf6 33. Ne3 Kf7
34. Rd1 g6 35. Nc4 Ke7 36. Ke3 g5 37. Kd4 b5 38. Ne3 Rd6+ 39. Nd5+ Nxd5 40. exd5
Rf6 41. Kc5 Kd7 42. Rh1 h6 43. Rh3 Kc7 44. c4 Kd7 45. Kd4 Rf4+ 46. Kd3 h5 47.
Rxh5 Rxf3+ 48. Kd4 Rxb3 49. c5 Rxb2 50. c6+ Kc8 51. d6 Kb8 52. Rh8+ Ka7 53. c7 1-0

[Event "52nd World Juniors 2013"]
[Site "Kocaeli TUR"]
[Date "2013.09.16"]
[Round "4.26"]
[White "Dastan, Muhammed Batuhan"]
[Black "Yurtseven, Melih"]
[Result "1-0"]
[WhiteTitle "IM"]
[WhiteElo "2455"]
[BlackElo "2262"]
[WhiteFideId "6300014"]
[BlackFideId "6312160"]
[EventDate "2013.09.13"]

1. e4 c5 2. Nf3 d6 3. d4 Nf6 4. dxc5 Nxe4 5. cxd6 Nc6 6. Be3 Nxd6 7. Nc3 Bg4 8.
h3 Bd7 9. Qd2 g6 10. O-O-O Bg7 11. Bh6 O-O 12. Bxg7 Kxg7 13. Nd5 Rc8 14. Nxe7
Nxe7 15. Qxd6 Bf5 16. c3 Qa5 17. Qe5+ Qxe5 18. Nxe5 b5 19. Rd4 f6 20. Nf3 Nc6
21. Rd6 Nb4 22. a3 Na2+ 23. Kd2 b4 24. axb4 Rfd8 25. Rd4 Be4 26. Ba6 Rb8 27.
Rxd8 Rxd8+ 28. Ke3 Bxf3 29. gxf3 1-0

[Event "52nd World Juniors 2013"]
[Site "Kocaeli TUR"]
[Date "2013.09.16"]
[Round "4.27"]
[White "Grandadam, Nicolas"]
[Black "Ynojosa, Felix Jose"]
[Result "0-1"]
[WhiteTitle "FM"]
[BlackTitle "IM"]
[WhiteElo "2309"]
[BlackElo "2439"]
[WhiteFideId "681806"]
[BlackFideId "3900258"]
[EventDate "2013.09.13"]

1. d4 Nf6 2. c4 e6 3. Nf3 b6 4. g3 Bb7 5. Bg2 c5 6. d5 exd5 7. Nh4 g6 8. O-O Bg7
9. Nc3 O-O 10. Bg5 Qe8 11. cxd5 d6 12. Qd2 Nbd7 13. Bh6 Bxh6 14. Qxh6 Qe7 15. a4
Ba6 16. Rfe1 Rfe8 17. h3 Rab8 18. e4 Qf8 19. Qd2 Qg7 20. f4 c4 21. Nb5 Bxb5 22.
axb5 Nc5 23. Qc2 Nfxe4 24. Kh2 f5 25. Qxc4 Qxb2 26. Rxa7 Qf2 27. Rxe4 Rxe4 28.
Qc3 Qd4 29. Qa3 Re3 30. Qa2 0-1

[Event "52nd World Juniors 2013"]
[Site "Kocaeli TUR"]
[Date "2013.09.16"]
[Round "4.28"]
[White "Dimitrov, Radoslav"]
[Black "Emiroglu, Cankut"]
[Result "1-0"]
[WhiteTitle "IM"]
[BlackTitle "CM"]
[WhiteElo "2437"]
[BlackElo "2260"]
[WhiteFideId "2908549"]
[BlackFideId "6306659"]
[EventDate "2013.09.13"]

1. d4 Nf6 2. c4 e6 3. Nc3 Bb4 4. a3 Bxc3+ 5. bxc3 d6 6. f3 e5 7. e4 Nc6 8. Be3
O-O 9. Bd3 b6 10. Ne2 Na5 11. Ng3 c5 12. d5 a6 13. Qe2 Qc7 14. a4 Nd7 15. Nf5 b5
16. axb5 axb5 17. cxb5 c4 18. Bxc4 Nb6 19. Bxb6 Qxb6 20. Ne7+ Kh8 21. Qf2 Qb7
22. Nc6 Nxc6 23. Rxa8 Qxa8 24. dxc6 Qa1+ 25. Ke2 Qxh1 26. Qf1 Qxh2 27. b6 Qh4
28. b7 Bxb7 29. cxb7 Rb8 30. Bd5 Qe7 31. Qb1 Qc7 32. Kd3 g6 33. Qb5 Kg7 34. Qc6
Qxc6 35. Bxc6 Kf6 36. Kc4 Ke7 37. Kb5 f5 38. Kb6 Kd8 39. f4 fxe4 40. fxe5 e3 41.
Bf3 dxe5 42. c4 Ke7 43. c5 Rf8 44. c6 1-0

[Event "52nd World Juniors 2013"]
[Site "Kocaeli TUR"]
[Date "2013.09.16"]
[Round "4.29"]
[White "Wang, Yiye"]
[Black "Farid, Firman Syah"]
[Result "1-0"]
[BlackTitle "IM"]
[WhiteElo "2258"]
[BlackElo "2433"]
[WhiteFideId "8606021"]
[BlackFideId "7102526"]
[EventDate "2013.09.13"]

1. e4 c6 2. Nc3 d5 3. Nf3 dxe4 4. Nxe4 Nf6 5. Qe2 Bf5 6. Nxf6+ gxf6 7. d4 e6 8.
g3 Be7 9. Bg2 Qa5+ 10. Bd2 Qb6 11. O-O-O Qa6 12. Qxa6 Nxa6 13. Nh4 Bg6 14. f4 f5
15. Bc3 Rg8 16. Nf3 Bh5 17. Rde1 Bxf3 18. Bxf3 O-O-O 19. Bh5 Rgf8 20. d5 cxd5
21. Bg7 Rg8 22. Bh6 Bf8 23. Bxf7 Bxh6 24. Bxe6+ Kb8 25. Bxg8 Rxg8 26. Re7 Rc8
27. Rxh7 Bf8 28. Rd1 Bc5 29. Rxd5 Nb4 30. Rdd7 Nxa2+ 31. Kb1 Nb4 32. c3 Na6 33.
Rxb7+ Ka8 34. Rbf7 1-0

[Event "52nd World Juniors 2013"]
[Site "Kocaeli TUR"]
[Date "2013.09.16"]
[Round "4.30"]
[White "Meribanov, Vitaly"]
[Black "Gundogan, Cem"]
[Result "1/2-1/2"]
[WhiteTitle "FM"]
[WhiteElo "2433"]
[BlackElo "2072"]
[WhiteFideId "13504363"]
[BlackFideId "6311032"]
[EventDate "2013.09.13"]

1. d4 d5 2. c4 c6 3. cxd5 cxd5 4. Nc3 Nf6 5. Bf4 Nc6 6. e3 a6 7. Bd3 e6 8. Nf3
Be7 9. O-O O-O 10. h3 b5 11. Rc1 Bb7 12. Bb1 Rc8 13. a3 b4 14. axb4 Nxb4 15. Ne5
Nd7 16. Qg4 f5 17. Qd1 Nxe5 18. Bxe5 Nc6 19. Bf4 Na5 20. Bd3 Qb6 21. Qe2 Nc4 22.
Na4 Qb4 23. Ra1 Rc6 24. Rfc1 Rfc8 25. g4 fxg4 26. hxg4 Nd2 27. Rxc6 Rxc6 28. Nc3
Nc4 29. Rb1 Rb6 30. Qc2 h6 31. Bxc4 dxc4 32. Qg6 e5 33. Qe8+ Kh7 34. Bxe5 Rg6
35. Bg3 Bf3 36. Qf7 Rf6 37. Qh5 Qb7 38. Be5 Rg6 39. Bg3 1/2-1/2

[Event "52nd World Juniors 2013"]
[Site "Kocaeli TUR"]
[Date "2013.09.16"]
[Round "4.31"]
[White "Sanal, Vahap"]
[Black "Yuksel, Atilla Koksal"]
[Result "1-0"]
[WhiteTitle "IM"]
[BlackTitle "CM"]
[WhiteElo "2419"]
[BlackElo "2060"]
[WhiteFideId "6300545"]
[BlackFideId "6306667"]
[EventDate "2013.09.13"]

1. e4 c5 2. Nf3 Nc6 3. d4 cxd4 4. Nxd4 Nf6 5. Nc3 d6 6. Bg5 e6 7. Qd2 Be7 8.
O-O-O O-O 9. f4 Nxd4 10. Qxd4 Qa5 11. Bc4 Bd7 12. e5 dxe5 13. fxe5 Bc6 14. Bd2
Nd7 15. Nd5 Qd8 16. Nxe7+ Qxe7 17. Rhe1 Nb6 18. Bd3 Rfd8 19. Qg4 Rxd3 20. cxd3
Ba4 21. Bh6 f5 22. exf6 Qxf6 23. Be3 Rc8+ 24. Kb1 Bc2+ 25. Ka1 Bxd1 26. Rxd1 Nd5
27. Bd4 Qh6 28. a3 Ne3 29. Bxe3 Qxe3 30. Kb1 h6 31. h4 Rf8 32. Qc4 Qe2 33. Rc1
Rf1 34. Rxf1 Qxf1+ 35. Ka2 Qf7 36. d4 Qd7 37. Kb3 Kf7 38. Kc3 Qd6 39. Qf1+ Ke7
40. Qf3 Qd5 41. Qxd5 exd5 42. Kb4 Kd6 43. Kb5 h5 44. b3 g6 45. b4 Kd7 46. Kc5
Ke6 47. a4 1-0

[Event "52nd World Juniors 2013"]
[Site "Kocaeli TUR"]
[Date "2013.09.16"]
[Round "4.32"]
[White "Ashiku, Franc"]
[Black "De Filomeno, Simone"]
[Result "0-1"]
[BlackTitle "FM"]
[WhiteElo "2253"]
[BlackElo "2392"]
[WhiteFideId "4700066"]
[BlackFideId "828688"]
[EventDate "2013.09.13"]

1. d4 d5 2. Bg5 h6 3. Bh4 c6 4. Nd2 Qb6 5. Nb3 Bf5 6. e3 a5 7. a4 e6 8. g4 Bh7
9. Bg3 Nf6 10. f3 Nbd7 11. h4 e5 12. dxe5 Qxe3+ 13. Qe2 Nxg4 14. e6 fxe6 15. Bh3
Bxc2 16. Qxe3 Nxe3 17. Nd4 Bf5 18. Kf2 Bxh3 19. Nxh3 Nf5 20. Nxe6 Nxg3 21. Kxg3
Bd6+ 22. f4 Kf7 23. Nd4 Rae8 24. Kf3 Re4 25. Nf5 Bc5 26. Rhg1 g6 0-1

[Event "52nd World Juniors 2013"]
[Site "Kocaeli TUR"]
[Date "2013.09.16"]
[Round "4.34"]
[White "Bornheim, Craig"]
[Black "Franklin, Samuel G A"]
[Result "1/2-1/2"]
[WhiteTitle "CM"]
[BlackTitle "FM"]
[WhiteElo "1973"]
[BlackElo "2353"]
[WhiteFideId "14300370"]
[BlackFideId "468576"]
[EventDate "2013.09.13"]

1. d4 Nf6 2. c4 g6 3. Nc3 Bg7 4. e4 d6 5. Nf3 O-O 6. Be2 e5 7. O-O Nc6 8. d5 Ne7
9. Ne1 Nd7 10. Be3 f5 11. f3 f4 12. Bf2 g5 13. Nd3 Nf6 14. c5 Ng6 15. cxd6 cxd6
16. Rc1 Rf7 17. a4 h5 18. Kh1 g4 19. Nb5 a6 20. Na3 g3 21. Bg1 gxh2 22. Bf2 h4
23. Nc4 h3 24. g3 fxg3 25. Bxg3 Bh6 26. Rc2 Nh5 27. Bxh2 Nhf4 28. Rg1 Rg7 29.
Nxf4 Bxf4 30. Bf1 b5 31. axb5 axb5 32. Na3 Bd7 33. Bxf4 Nxf4 34. Rxg7+ Kxg7 35.
Bxb5 Kh8 36. Qe1 Rxa3 37. Bxd7 Ra8 38. Bxh3 Qg5 39. Bf5 Kg7 40. Qg1 Rh8+ 41. Rh2
Qxg1+ 42. Kxg1 Rb8 43. Rc2 Kf6 44. Kf1 1/2-1/2

[Event "52nd World Juniors 2013"]
[Site "Kocaeli TUR"]
[Date "2013.09.16"]
[Round "4.35"]
[White "Zor, Alber Kadir"]
[Black "Saiyn, Zhanat"]
[Result "1-0"]
[BlackTitle "FM"]
[WhiteElo "1948"]
[BlackElo "2337"]
[WhiteFideId "6353169"]
[BlackFideId "13703820"]
[EventDate "2013.09.13"]

1. d4 Nf6 2. Nf3 g6 3. c4 Bg7 4. Nc3 d5 5. Bf4 O-O 6. Rc1 dxc4 7. e3 c5 8. Bxc4
cxd4 9. Nxd4 a6 10. O-O Nbd7 11. Bg3 e5 12. Nb3 b5 13. Bd5 Nxd5 14. Qxd5 Nb6 15.
Qc5 Nc4 16. Rfd1 Qg5 17. Ne4 Qh5 18. Qe7 Bg4 19. f3 Bxf3 20. gxf3 Qxf3 21. Nbd2
Nxd2 22. Nxd2 Qxe3+ 23. Bf2 Qe2 24. Nf1 Qxb2 25. a3 Qe2 26. Ng3 Qf3 27. Qd7 h5
28. Bc5 Rfd8 29. Qxd8+ Rxd8 30. Rxd8+ Kh7 31. Rf1 Qc6 32. Be3 Qe6 33. Ra8 h4 34.
Ra7 f6 35. Rc1 Qb3 36. Nf1 Qxa3 37. Rcc7 Qf8 38. Rxa6 g5 39. Raa7 Kg6 40. Bc5
Qg8 41. Rxg7+ Qxg7 42. Rxg7+ Kxg7 43. Ne3 Kg6 44. Ng4 Kf5 45. h3 Ke6 46. Kf2 f5
47. Ne3 e4 48. Bb6 Kf6 49. Bd8+ Kg6 50. Be7 f4 51. Ng4 Kf5 52. Ke2 Kg6 53. Kd2
Kf5 54. Kc3 e3 55. Kd3 Kg6 56. Nxe3 fxe3 57. Kxe3 Kh6 58. Kf3 Kh5 59. Bb4 Kh6
60. Kg4 Kg6 61. Bd2 Kh6 62. Bxg5+ Kg6 63. Bd2 b4 64. Bxb4 Kh6 65. Kxh4 Kh7 66.
Kg5 Kg8 67. Kg6 1-0

[Event "52nd World Juniors 2013"]
[Site "Kocaeli TUR"]
[Date "2013.09.16"]
[Round "4.36"]
[White "Pon, Matt"]
[Black "Antal, Tibor Kende"]
[Result "1-0"]
[WhiteTitle "FM"]
[BlackTitle "FM"]
[WhiteElo "1919"]
[BlackElo "2321"]
[WhiteFideId "14301644"]
[BlackFideId "738581"]
[EventDate "2013.09.13"]

1. d4 Nf6 2. Nf3 g6 3. c4 Bg7 4. Nc3 d6 5. e4 O-O 6. h3 e5 7. d5 a5 8. Bg5 h6 9.
Be3 Na6 10. g4 Nc5 11. Qc2 Ne8 12. Rg1 Kh7 13. O-O-O f5 14. gxf5 gxf5 15. Bxc5
dxc5 16. exf5 Bxf5 17. Bd3 Nd6 18. Bxf5+ Nxf5 19. Ne4 Qe7 20. Ng3 e4 21. Nxe4
Kh8 22. Rde1 b5 23. Neg5 Qd6 24. Ne6 bxc4 25. Rxg7 Nxg7 26. Qg6 Nxe6 27. Qxh6+
Kg8 28. Rg1+ Ng5 29. Qxg5+ Kf7 30. Ne5+ Ke8 31. Re1 Qe7 32. Qg6+ Rf7 33. Qc6+
Kf8 34. Ng6+ 1-0

[Event "52nd World Juniors 2013"]
[Site "Kocaeli TUR"]
[Date "2013.09.16"]
[Round "4.37"]
[White "Asgarizadeh, Ahmad"]
[Black "Temizkan, Denizcan"]
[Result "1/2-1/2"]
[WhiteElo "2354"]
[BlackElo "1921"]
[WhiteFideId "12505684"]
[BlackFideId "6325157"]
[EventDate "2013.09.13"]

1. e4 e5 2. Nf3 Nc6 3. Bc4 Nf6 4. d3 Be7 5. O-O O-O 6. Re1 d6 7. a4 h6 8. h3 Nh7
9. Be3 Ng5 10. Nbd2 Be6 11. c3 Na5 12. Bxe6 fxe6 13. b4 Nc6 14. Qb3 Nxf3+ 15.
Nxf3 Qd7 16. Rac1 Bf6 17. d4 exd4 18. cxd4 d5 19. e5 Be7 20. b5 Na5 21. Qc2 Nc4
22. Qg6 Bb4 23. Red1 Qf7 24. Qg4 Kh7 25. Qh4 Qg6 26. Qg4 1/2-1/2

[Event "52nd World Juniors 2013"]
[Site "Kocaeli TUR"]
[Date "2013.09.16"]
[Round "4.40"]
[White "Yargici, Mazhar Kutay"]
[Black "Kathmale, Sameer"]
[Result "1-0"]
[WhiteElo "1970"]
[BlackElo "2339"]
[WhiteFideId "6310400"]
[BlackFideId "5024498"]
[EventDate "2013.09.13"]

1. d4 d5 2. c4 e5 3. dxe5 d4 4. a3 c5 5. e3 Nc6 6. Nf3 a5 7. h3 Nge7 8. exd4
cxd4 9. Bd3 Ng6 10. O-O Be7 11. Re1 Be6 12. Nbd2 Qc7 13. Ne4 O-O 14. Nfg5 Ncxe5
15. Qh5 h6 16. Nxe6 fxe6 17. Ng5 Nxd3 18. Nxe6 Ngf4 19. Bxf4 Nxf4 20. Nxc7 Nxh5
21. Nxa8 Bf6 22. Nb6 Nf4 23. Nd7 Rc8 24. Nxf6+ gxf6 25. Re4 Nd3 26. Rxd4 Nxb2
27. Rb1 Nxc4 28. Rc1 b5 29. a4 Rb8 30. axb5 Na3 31. Rd7 a4 32. b6 1-0

[Event "52nd World Juniors 2013"]
[Site "Kocaeli TUR"]
[Date "2013.09.16"]
[Round "4.41"]
[White "Carneiro, Vitor Roberto Castro"]
[Black "Thompson, Robert"]
[Result "1-0"]
[WhiteTitle "CM"]
[WhiteElo "2263"]
[BlackElo "1966"]
[WhiteFideId "2130106"]
[BlackFideId "417513"]
[EventDate "2013.09.13"]

1. c4 g6 2. g3 Bg7 3. Bg2 Nf6 4. Nc3 O-O 5. e3 e6 6. e4 c5 7. f4 d6 8. Nge2 Nc6
9. O-O Rb8 10. d3 a6 11. h3 Ne8 12. Be3 Nd4 13. Rb1 b5 14. b4 Bd7 15. cxb5 axb5
16. bxc5 dxc5 17. e5 b4 18. Ne4 Bc6 19. Nxd4 cxd4 20. Bd2 Qa5 21. Qe1 Qa3 22.
Bxb4 Qxd3 23. Bxf8 Rxb1 24. Qxb1 Qe3+ 25. Kh2 Bxf8 26. Re1 Qa3 27. Qc1 Bxe4 28.
Qxa3 Bxa3 29. Bxe4 Nc7 30. Rd1 Bb2 31. a4 Bc3 32. Rb1 Na6 33. Rb5 Nb4 34. Rc5
Na6 35. Rc6 Nb4 36. Rc8+ Kg7 37. a5 Be1 38. Bd3 1-0

[Event "52nd World Juniors 2013"]
[Site "Kocaeli TUR"]
[Date "2013.09.16"]
[Round "4.42"]
[White "Sumer, Gun"]
[Black "Tomazini, Aljosa"]
[Result "1/2-1/2"]
[BlackTitle "FM"]
[WhiteElo "1928"]
[BlackElo "2251"]
[WhiteFideId "6311784"]
[BlackFideId "14608154"]
[EventDate "2013.09.13"]

1. e4 e5 2. Nf3 Nc6 3. Bc4 Nf6 4. Ng5 d5 5. exd5 b5 6. Bf1 Nd4 7. c3 Nxd5 8.
cxd4 Qxg5 9. Bxb5+ Kd8 10. Qf3 exd4 11. O-O Rb8 12. d3 Qe5 13. Bc6 Bd6 14. g3
Nb4 15. Bf4 Qf6 16. Bxd6 Qxd6 17. Rc1 Rb6 18. Ba8 Ba6 19. Be4 Rf8 20. a3 f5 21.
axb4 fxe4 22. Qxe4 Bb7 23. Qh4+ Kc8 24. Nd2 Kb8 25. Rc4 Rxb4 26. Rxb4 Qxb4 27.
Nc4 Qc5 28. Re1 Qf5 29. Qf4 Qxf4 30. gxf4 Bd5 31. Re7 Bxc4 32. dxc4 d3 33. Rd7
Rxf4 34. Rxd3 Rxc4 35. Rd7 Rg4+ 36. Kf1 Kb7 37. Ke2 a5 38. Kd3 Rg2 39. h4 h6 40.
Rf7 Rg4 41. h5 Kb6 42. f4 c6 43. Kc4 Rg2 44. b3 Rg3 45. Rf5 Rh3 46. Rf7 Rxh5 47.
Rxg7 Rf5 48. Rg4 h5 49. Rh4 Kc7 50. Kd4 Kd6 51. Ke4 Ke6 52. Rh3 Rb5 53. Rc3 Rb4+
54. Kf3 Kd5 55. f5 Rb8 56. Kf4 h4 57. Kg5 Rh8 58. Rh3 Ke5 59. Re3+ Kd5 60. Rh3
Ke5 61. Re3+ Kd6 62. f6 h3 63. f7 h2 64. Re1 Kc5 65. Kg6 Kb4 66. Kg7 Rc8 67.
f8=Q+ Rxf8 68. Kxf8 Kxb3 69. Ke7 c5 70. Kd6 c4 71. Kd5 c3 72. Kd4 c2 73. Kd3 a4
74. Kd2 a3 75. Rh1 Kb2 76. Rc1 Kb3 77. Rh1 Kb2 78. Rc1 Kb3 1/2-1/2